000 00760nam a2200253 a 4500
001 BRL_1290
005 20190320211129.0
008 271213s1973----nyuabo####---#000-0#eng-#
020 _a0815404846
041 _aeng
044 _anyu
050 4 _aF1221.M67
_b.B45 1973
100 1 _aBeals, Ralph L.
_d1901-1985
_q(Ralph Leon)
_926399
245 1 0 _aEnthnology of the western mixe
_cRalph L. Beals.
260 _aNew York
_bCooper Square Publishers
_c1973
300 _aviii, 175 p.
_bil., mapas, láminas
_c26 cm.
440 0 _aLibrary of Latin-American history and culture
_926400
500 _aAu1527
504 _aBibliografía: p. 139
650 1 4 _aMixe
_926401
650 1 4 _aIndígenas de México
_zOaxaca
_926027
902 _aGRL
942 _2lcc
_cB
999 _c10102
_d10102